Improve your communication skills / (Record no. 1573)
| 000 -LEADER | |
|---|---|
| fixed length control field | 01076cam a2200277 i 4500 |
| 001 - CONTROL NUMBER | |
| control field | 17562250 |
| 003 - CONTROL NUMBER IDENTIFIER | |
| control field | OSt |
| 005 - DATE AND TIME OF LATEST TRANSACTION | |
| control field | 20150323152555.0 |
| 008 - FIXED-LENGTH DATA ELEMENTS--GENERAL INFORMATION | |
| fixed length control field | 121213s2013 pau 000 0 eng |
| 010 ## - LIBRARY OF CONGRESS CONTROL NUMBER | |
| LC control number | 2012045498 |
| 020 ## - INTERNATIONAL STANDARD BOOK NUMBER | |
| International Standard Book Number | 9780749467166 |
| 020 ## - INTERNATIONAL STANDARD BOOK NUMBER | |
| Cancelled/invalid ISBN | 9780749467173 (ebk.) |
| 040 ## - CATALOGING SOURCE | |
| Original cataloging agency | DLC |
| Language of cataloging | eng |
| Transcribing agency | DLC |
| Description conventions | rda |
| Modifying agency | DLC |
| 042 ## - AUTHENTICATION CODE | |
| Authentication code | pcc |
| 050 00 - LIBRARY OF CONGRESS CALL NUMBER | |
| Classification number | HF5718.B365 2013 |
| 082 00 - DEWEY DECIMAL CLASSIFICATION NUMBER | |
| Classification number | 651.7 |
| Edition number | 23 |
| 100 1# - MAIN ENTRY--PERSONAL NAME | |
| Personal name | Barker, Alan, |
| Dates associated with a name | 1956- |
| 245 10 - TITLE STATEMENT | |
| Title | Improve your communication skills / |
| Statement of responsibility, etc | Alan Barker. |
| 250 ## - EDITION STATEMENT | |
| Edition statement | Third Edition. |
| 300 ## - PHYSICAL DESCRIPTION | |
| Extent | ix,185 pages ; |
| Dimensions | 23 cm |
| 505 0# - FORMATTED CONTENTS NOTE | |
| Formatted contents note | About this book -- What is communication? -- How conversations work -- Seven ways to improve your conversations -- The skills of enquiry -- The skills of persuasion -- Making a presentation -- Putting it in writing -- Networking: the new conversation -- Appendix: Where to go from here. |
| 650 #0 - SUBJECT ADDED ENTRY--TOPICAL TERM | |
| Topical term or geographic name as entry element | Business communication. |
| 906 ## - LOCAL DATA ELEMENT F, LDF (RLIN) | |
| a | 7 |
| b | cbc |
| c | orignew |
| d | 1 |
| e | ecip |
| f | 20 |
| g | y-gencatlg |
| 942 ## - ADDED ENTRY ELEMENTS (KOHA) | |
| Source of classification or shelving scheme | |
| Koha item type | Book |
| Withdrawn status | Lost status | Source of classification or shelving scheme | Damaged status | Not for loan | Home library | Current library | Shelving location | Date acquired | Total Checkouts | Full call number | Barcode | Checked out | Date last seen | Date checked out | Copy number | Price effective from | Koha item type |
|---|---|---|---|---|---|---|---|---|---|---|---|---|---|---|---|---|---|
| Riara University Library | Riara University Library | General stack | 23/03/2015 | 6 | HF5718.B365 2013 | 5394/15 | 30/04/2025 | 26/02/2025 | 26/02/2025 | C.1 | 23/03/2015 | Book | |||||
| Riara University Library | Riara University Library | General stack | 23/03/2015 | 7 | HF5718.B365 2013 | 5395/15 | 24/07/2023 | 22/06/2023 | C.2 | 23/03/2015 | Book | ||||||
| Riara University Library | Riara University Library | General stack | 23/03/2015 | 2 | HF5718.B365 2013 | 5396/15 | 01/08/2016 | 09/05/2016 | C.3 | 23/03/2015 | Book |
